[Event "Challenge"]
[Site "http://www.queenalice.com/game.php?id=515422"]
[Date "2008.12.31"]
[Round "-"]
[White "Enxadrista_A"]
[Black "Aleqza"]
[Result "1-0"]
[WhiteElo "1885"]
[BlackElo "1601"]

1. e4 e5 2. f4 Nc6 3. Bc4 Nh6 4. Nf3 Bc5 5. b4 Nxb4 6. c3 Nc6 7. d4 exd4 8. cxd4
Bb6 9. O-O d6 10. h3 Bxd4+ 11. Nxd4 Nxd4 12. Qxd4 f6 13. Nc3 c5 14. Qd5 Qa5 15.
Nb5 a6 16. Nxd6+ Kd8 17. Nxb7+ 1-0

[Event "Let's Play Chess!"]
[Site "http://www.queenalice.com/game.php?id=518944"]
[Date "2009.1.8"]
[Round "-"]
[White "Aleqza"]
[Black "CampbellMarcel"]
[Result "1-0"]
[WhiteElo "1631"]
[BlackElo "1759"]

1. Nf3 b6 2. Nc3 Bb7 3. e4 e6 4. d4 g6 5. d5 Bg7 6. dxe6 fxe6 7. Bf4 Nf6 8. Nb5
Na6 9. Ne5 Nxe4 10. Nd3 d6 11. Qe2 e5 12. Bg3 O-O 13. f3 Nxg3 14. hxg3 e4 15.
fxe4 Bxe4 16. O-O-O Bxd3 17. cxd3 Qf6 18. d4 Rae8 19. Qg4 c5 20. Bc4+ Kh8 21.
Rhf1 Bh6+ 22. Kb1 Qg5 23. Qxg5 Bxg5 24. Nxd6 Rxf1 25. Bxf1 Re3 26. Nf7+ Kg7 27.
Nxg5 Rxg3 28. Ne6+ Kh6 29. Bxa6 Rxg2 30. Rh1+ 1-0

[Event "Intermediate level!!"]
[Site "http://www.queenalice.com/game.php?id=526242"]
[Date "2009.1.20"]
[Round "-"]
[White "Aleqza"]
[Black "Andrei_78"]
[Result "1-0"]
[WhiteElo "1659"]
[BlackElo "1643"]

1. Nc3 a6 2. d4 Nf6 3. Bf4 h6 4. h3 Nh5 5. e3 Nxf4 6. exf4 e6 7. a3 d5 8. Nf3
Bd6 9. Na4 b5 10. Nc5 Bxf4 11. Bd3 Qd6 12. g3 Bg5 13. Nxg5 O-O 14. Nf3 Nd7 15.
c3 Nxc5 16. dxc5 Qxc5 17. Bb1 f6 18. Qd3 f5 19. g4 h5 20. gxf5 exf5 21. O-O Bb7
22. Ng5 Qc6 23. f3 Qc5+ 24. Qd4 Qe7 25. Qh4 Qe3+ 26. Kh1 d4 27. Qxh5 Bxf3+ 28.
Nxf3 dxc3 29. Ba2+ Rf7 30. Ng5 f4 31. Bxf7+ Kf8 32. Qh8+ Ke7 33. Qxa8 Qg3 34.
Rae1+ Kf6 35. Qd8+ Kf5 36. Qd5+ Kf6 37. Qe6+ Kxg5 38. Re5+ Kh4 39. Rh5# 1-0

[Event "Let's Play Chess!"]
[Site "http://www.queenalice.com/game.php?id=526272"]
[Date "2009.1.20"]
[Round "-"]
[White "caiman72"]
[Black "Aleqza"]
[Result "1-0"]
[WhiteElo "1732"]
[BlackElo "1601"]

1. d4 Nf6 2. c4 e6 3. Nc3 Bb4 4. e3 Bxc3+ 5. bxc3 Ne4 6. Qc2 f5 7. Bd3 Qh4 8.
Nf3 Qh5 9. O-O Nf6 10. Ba3 d5 11. cxd5 Nxd5 12. c4 Nb6 13. Rab1 Bd7 14. d5 exd5
15. cxd5 Nxd5 16. Rxb7 Bc6 17. Rxb8+ Rxb8 18. Qxc6+ 1-0

[Event "Let's Play Chess!"]
[Site "http://www.queenalice.com/game.php?id=526273"]
[Date "2009.1.20"]
[Round "-"]
[White "caiman72"]
[Black "Aleqza"]
[Result "1/2-1/2"]
[WhiteElo "1722"]
[BlackElo "1609"]

1. d4 d5 2. c4 Bf5 3. Nc3 e6 4. cxd5 exd5 5. e3 c6 6. Nf3 Na6 7. Bxa6 bxa6 8.
O-O Bg4 9. Qa4 Ne7 10. Ne5 Bd7 11. e4 f6 12. Nxd7 Qxd7 13. exd5 cxd5 14. Qxa6
Nc6 15. Re1+ Kf7 16. Be3 Nb4 17. Qe2 Bd6 18. Kh1 Bc7 19. a3 Qd6 20. g3 Na6 21.
Qh5+ g6 22. Qxd5+ Qxd5+ 23. Nxd5 Ba5 24. b4 Bd8 25. b5 Ba5 26. bxa6 Bxe1 27.
Rxe1 Rhd8 28. Nc7 Rab8 29. Kg2 Rb3 30. a4 Rd7 31. Nb5 Rb4 32. Ra1 h5 33. f4 Re7
34. Ra3 Rb2+ 1/2-1/2

[Event "Intermediate level!!"]
[Site "http://www.queenalice.com/game.php?id=526297"]
[Date "2009.1.20"]
[Round "-"]
[White "Aleqza"]
[Black "spawnwolfwolverine"]
[Result "1-0"]
[WhiteElo "1614"]
[BlackElo "1645"]

1. d4 d5 2. Nf3 c6 3. Bd2 e6 4. b4 Nf6 5. Bg5 Be7 6. e3 O-O 7. Bxf6 Bxf6 8. c3
a6 9. Bd3 b5 10. Bc2 Bb7 11. Qd3 a5 12. Qxh7# 1-0

[Event "Challenge"]
[Site "http://www.queenalice.com/game.php?id=527963"]
[Date "2009.1.23"]
[Round "-"]
[White "gomonkey"]
[Black "Aleqza"]
[Result "0-1"]
[WhiteElo "1565"]
[BlackElo "1660"]

1. e4 e5 2. Nf3 Qf6 3. a3 Nh6 4. d4 exd4 5. Nxd4 Bc5 6. c3 d6 7. h3 Qe7 8. Bd3
Bxd4 9. cxd4 O-O 10. Bxh6 gxh6 11. Qf3 Nc6 12. Qg3+ Kh8 13. Qf4 Qg5 14. g3 Qxf4
15. gxf4 Nxd4 16. Nd2 Bd7 17. Rg1 Bxh3 18. Rh1 Bg2 19. Rxh6 Rae8 20. O-O-O f5
21. Rg1 fxe4 22. Rxg2 exd3 23. Kd1 Rg8 24. Rg3 Rxg3 25. fxg3 Nf5 26. Rh3 b5 27.
Nf1 c5 28. b3 Nd4 29. Nd2 c4 30. Rh2 Re2 31. Rxe2 Nxe2 32. Ne4 cxb3 33. Nd2 b2
34. f5 Nxg3 35. f6 Kg8 36. Ke1 d5 37. Kf2 Ne4+ 0-1

[Event "Intermediate level!!"]
[Site "http://www.queenalice.com/game.php?id=528024"]
[Date "2009.1.24"]
[Round "-"]
[White "Aleqza"]
[Black "lekobr"]
[Result "0-1"]
[WhiteElo "1634"]
[BlackElo "1783"]

1. Nc3 e5 2. Nf3 Nc6 3. e4 Nf6 4. Bc4 Nxe4 5. Nxe4 d5 6. Bxd5 Qxd5 7. Nc3 Qd8 8.
d3 h6 9. h3 Bd6 10. a3 O-O 11. Nd5 Ne7 12. c4 Nxd5 13. cxd5 b6 14. d4 exd4 15.
Nxd4 Re8+ 16. Be3 Bf4 17. Qf3 Bxe3 18. fxe3 Bb7 19. Qg3 Kh7 20. O-O Qxd5 21.
Rxf7 Qxf7 0-1

[Event "Intermediate level!!"]
[Site "http://www.queenalice.com/game.php?id=528256"]
[Date "2009.1.24"]
[Round "-"]
[White "Aleqza"]
[Black "lekobr"]
[Result "0-1"]
[WhiteElo "1624"]
[BlackElo "1865"]

1. d4 Nf6 2. Bf4 d6 3. Nc3 g6 4. Bg5 Bg7 5. Bxf6 Bxf6 6. e3 O-O 7. Qd3 Nd7 8.
Nd5 Bg7 9. g3 c6 10. Nb4 a5 11. Qa3 Qc7 12. Nd3 f5 13. Nh3 b5 14. b4 Bb7 15. Ng5
Rfe8 16. Qb3+ d5 17. Ne6 Qc8 18. Nxg7 Kxg7 19. Nf4 Nb6 20. h4 Qd7 21. h5 axb4
22. hxg6 hxg6 23. Qxb4 Rh8 24. Rxh8 Rxh8 25. Rb1 Nc8 26. Bh3 g5 27. Bxf5 Qxf5
28. Rc1 Rh1+ 29. Kd2 Rxc1 30. Kxc1 gxf4 31. gxf4 Qe6 32. Qa5 Nd6 33. Qd8 Ne4 34.
f3 Nf6 35. Qb8 Qxe3+ 36. Kb2 Qxd4+ 0-1

[Event "Chesspionship #1"]
[Site "http://www.queenalice.com/game.php?id=529590"]
[Date "2009.1.25"]
[Round "3"]
[White "Aleqza"]
[Black "Krajnicov"]
[Result "0-1"]
[WhiteElo "1658"]
[BlackElo "1469"]

1. d4 e6 2. Bf4 Qf6 3. g3 g5 4. Bxc7 Nc6 5. Be5 Nxe5 6. dxe5 Qxe5 7. c3 Qf6 8.
f3 Nh6 9. Qd4 Bg7 10. Qxf6 Bxf6 11. Na3 Nf5 12. Nb5 Ke7 13. g4 Ne3 14. Nc7 Rb8
15. Nb5 Nc2+ 16. Kf2 Nxa1 17. Nxa7 h5 18. gxh5 Ra8 19. Nxc8+ Rhxc8 20. e3 Rxa2
21. Kg3 Rxb2 0-1

[Event "Let's Play Chess!"]
[Site "http://www.queenalice.com/game.php?id=530377"]
[Date "2009.1.27"]
[Round "-"]
[White "Aleqza"]
[Black "CampbellMarcel"]
[Result "0-1"]
[WhiteElo "1671"]
[BlackElo "1804"]

1. Nc3 e6 2. d4 c6 3. a3 Ne7 4. Ne4 d5 5. Ng5 h6 6. N5h3 Nd7 7. Nf3 g6 8. Nd2
Nf5 9. Nb3 Bg7 10. e3 b6 11. Bd3 Bb7 12. e4 Nxd4 13. Nxd4 Bxd4 14. exd5 exd5 15.
O-O O-O 16. Qg4 Bg7 17. Bd2 Nf6 18. Qf3 c5 19. Rae1 c4 20. Bxc4 Ne4 21. Bb4 dxc4
22. Bxf8 Qxf8 23. Qf4 g5 24. Qc7 Nd2 25. Qxb7 Nxf1 26. Kxf1 Bxb2 27. Qc6 Rc8 28.
Qb7 Bxa3 29. Qxa7 Bb4 30. Re2 Ra8 31. Qxa8 Qxa8 32. Re4 Qa1+ 33. Ke2 f5 34. Rxc4
Qe1+ 35. Kf3 g4+ 0-1

[Event "Intermediate Level!"]
[Site "http://www.queenalice.com/game.php?id=530614"]
[Date "2009.1.28"]
[Round "-"]
[White "Aleqza"]
[Black "spawnwolfwolverine"]
[Result "1-0"]
[WhiteElo "1652"]
[BlackElo "1736"]

1. Nc3 e5 2. a3 b6 3. e3 Bb7 4. Nf3 d6 5. Bd3 g6 6. Be4 Bxe4 7. Nxe4 Bg7 8. Nfg5
Nf6 9. Qf3 O-O 10. Nxf6+ Bxf6 11. Qxa8 Bxg5 12. Qxa7 d5 13. b3 e4 14. Bb2 Nc6
15. Qa4 Qd7 16. b4 Qd6 17. Qb3 f5 18. Qc3 Bf6 19. Qb3 Bxb2 20. Qxb2 b5 21. c3
Ne5 22. O-O c6 23. a4 Ng4 24. g3 h5 25. f3 exf3 26. Rxf3 Ra8 27. axb5 Rxa1+ 28.
Qxa1 cxb5 29. Qa8+ Kg7 30. Qb7+ Kh6 31. d4 Kg5 32. Qg7 h4 33. h3 Nf6 34. gxh4+
Kxh4 35. Qh6+ Nh5 36. Rf4+ Qxf4 37. exf4 Kg3 38. Qxg6+ Kxf4 39. Qxh5 Ke4 40.
Qe2+ Kf4 41. h4 Kg3 42. h5 f4 43. h6 f3 44. Qxb5 f2+ 45. Kf1 Kf3 46. h7 Ke3 47.
h8=Q Kd2 48. Qe2+ Kxc3 49. Qxf2 Kxb4 50. Qc8 Ka4 51. Qb2 Ka5 52. Qa8# 1-0

[Event "Intermediate level!"]
[Site "http://www.queenalice.com/game.php?id=534630"]
[Date "2009.2.4"]
[Round "-"]
[White "Aleqza"]
[Black "spawnwolfwolverine"]
[Result "0-1"]
[WhiteElo "1674"]
[BlackElo "1683"]

1. Nc3 d6 2. h3 g6 3. Nf3 Bg7 4. d4 c6 5. e3 e6 6. h4 Ne7 7. Ng5 O-O 8. h5 Nd5
9. Qg4 Nxc3 10. bxc3 e5 11. Qf3 exd4 12. cxd4 Qxg5 13. Ba3 Qa5+ 14. Kd1 Qxa3 15.
Bc4 Be6 16. Bxe6 fxe6 17. Qh3 Rxf2 18. Ke1 Rxc2 19. Qxe6+ Kf8 20. Rf1+ Bf6 21.
Qxf6+ Ke8 22. Qf7+ Kd8 23. Qb3 Qxb3 24. axb3 Ke7 25. hxg6 hxg6 26. Rf2 Rxf2 27.
Kxf2 Na6 28. Ke2 Rf8 29. Rf1 Rxf1 30. Kxf1 Ke6 31. Ke2 c5 32. dxc5 Nxc5 33. b4
Na4 34. Kd3 Ke5 35. b5 d5 0-1

[Event "Challenge"]
[Site "http://www.queenalice.com/game.php?id=538373"]
[Date "2009.2.11"]
[Round "-"]
[White "gomonkey"]
[Black "Aleqza"]
[Result "0-1"]
[WhiteElo "1651"]
[BlackElo "1618"]

1. Nf3 Nc6 2. c3 e5 3. e4 Nf6 4. Bd3 Bc5 5. b4 Bb6 6. b5 Ng4 7. O-O O-O 8. bxc6
dxc6 9. Bb2 Bxf2+ 10. Rxf2 Qxd3 11. Re2 Be6 12. Qe1 Qc2 13. d4 Qa4 14. h3 Nh6
15. Nxe5 f6 16. Nd3 Bc4 17. Nc5 Qb5 18. Re3 Qxb2 19. Nd2 b6 20. Nxc4 Qb5 21. Na3
Qa5 22. Nd3 Qxa3 23. c4 Rad8 24. d5 cxd5 25. exd5 Nf5 26. Rf3 Nd4 27. Rf2 Qxd3
28. Rc1 Rde8 29. Qd2 Qxd2 30. Rxd2 Ne2+ 31. Rxe2 Rxe2 32. a4 a5 33. c5 Rd8 34.
Rd1 Re5 35. cxb6 cxb6 36. d6 Re4 37. Kf2 Rxa4 38. d7 b5 39. Rd6 b4 40. Rd4 Ra2+
41. Kf3 b3 42. Rc4 Rc2 43. Re4 Kf8 44. Re8+ Rxe8 45. Kf4 b2 46. dxe8=Q+ Kxe8 0-1

[Event "Let's Play Chess!"]
[Site "http://www.queenalice.com/game.php?id=538945"]
[Date "2009.2.12"]
[Round "-"]
[White "lspires"]
[Black "Aleqza"]
[Result "1-0"]
[WhiteElo "1500"]
[BlackElo "1674"]

1. e4 e5 2. Nf3 Nc6 3. Bc4 Bc5 4. c3 Nf6 5. d4 exd4 6. cxd4 Bb4+ 7. Nc3 Nxe4 8.
O-O Bxc3 9. d5 Ne7 10. bxc3 d6 11. Qd4 Nf6 12. Bg5 O-O 13. Bd3 Nf5 14. Bxf5 Bxf5
15. Rfe1 h6 16. Bxf6 Qxf6 17. Qxf6 gxf6 18. Re7 c6 19. Nd4 Bg4 20. h3 Bc8 21.
dxc6 bxc6 22. Nxc6 a5 23. Rd1 Kh8 24. Rxd6 Rg8 25. Kh2 Ra6 26. Rxf7 Rg7 27. Rd8+
Kh7 28. Rxg7+ Kxg7 29. Rxc8 Kg6 30. Nd4 Rb6 31. Ra8 Rb2 32. Rxa5 Rxf2 33. Kg3
Rc2 34. Nxc2 1-0

[Event "Challenge"]
[Site "http://www.queenalice.com/game.php?id=538960"]
[Date "2009.2.12"]
[Round "-"]
[White "arthurto28"]
[Black "Aleqza"]
[Result "0-1"]
[WhiteElo "1030"]
[BlackElo "1672"]

1. d3 h6 2. e4 Nf6 3. f3 b6 4. Ne2 Nc6 5. c4 Ba6 6. Na3 e6 7. Nf4 Bxa3 8. bxa3
g5 9. Nh3 b5 10. cxb5 Bxb5 11. Rb1 Nd4 12. Rb4 e5 13. Rxb5 Nxb5 14. f4 Nc3 15.
Qc2 Nb5 16. a4 Nd4 17. Qb2 d6 18. g4 Nxg4 19. fxe5 dxe5 20. Rg1 Nf3+ 21. Kd1
Nxg1 22. Nxg1 Qd4 23. Qb5+ Kd8 24. Qd5+ Qxd5 25. exd5 Nxh2 26. Bg2 Rb8 27. Bb2
Rxb2 28. Kc1 Rxg2 0-1

[Event "Challenge"]
[Site "http://www.queenalice.com/game.php?id=837780"]
[Date "2010.9.25"]
[Round "-"]
[White "Aleqza"]
[Black "chesterbra"]
[Result "0-1"]
[WhiteElo "1606"]
[BlackElo "1764"]

1. e4 c5 2. Bc4 Nc6 3. Qf3 Ne5 4. Bxf7+ Nxf7 5. d3 Ne5 6. Qh5+ Ng6 7. Qxc5 e6 8.
Bg5 Bxc5 9. Bxd8 Kxd8 10. Nf3 h6 11. g4 Nf4 0-1